Normal view
MARC view
- Cerejo L .& KoTechnical Book Servicesa
Entry Personal Name
001 - CONTROL NUMBER
- control field: 187316
003 - CONTROL NUMBER IDENTIFIER
- control field: OSt
005 - DATE AND TIME OF LATEST TRANSACTION
- control field: 20230714210432.0
008 - FIXED-LENGTH DATA ELEMENTS
- fixed length control field: 230714|| aca||aabn | a|a d
040 ## - CATALOGING SOURCE
- Original cataloging agency: OSt
- Transcribing agency: OSt
100 ## - HEADING--PERSONAL NAME
- Personal name: Cerejo L .& KoTechnical Book Servicesa
670 ## - SOURCE DATA FOUND
- Source citation: Work cat.: (OSt)178070: Cerejo L. 151616, Marketing .Com, 2000